1870 1798 1247 1050 1076 1509 1116 1007 1576 1992 1127 1357 1299 1895 1605 1244 1774 1081 1546 1271 1270 1743 1666 1985 1355 1444 1823 1033 1183 1507 1193 1262 1795 1989 1475 1962 1038 1131 1454 1946 1092 1292 1191 1037 1254 1161 1296 1414 1767 1431 1661 1988 1096 1404 1235 1360 1739 1243 1978 1303 1825 1680 1888 1212 1495 1897 1036 1856 1002 1684 1609 1566 1696 1276 1089 1906 1044 1036 1679 1586 1892 1331 1366 1061 1446 1608 1788 1402 1983 1157 1257 1988 1648 1233 1272 1502 1302 1092 1018 BCNSPRNW ULIB Ver.6.0+V

เปลี่ยนเป็นภาษาไทย

Change to English
 แสดงรายละเอียดบรรณานุกรม
  กลับหน้าหลัก

Brief Record : Get Marc (ISO 2709) : E-mail record : QR code < ปิดหน้าต่าง
LEADER : 00000nam 2200000uu 4500
001    13399113081
003     ULIB
008    110627s2549||||th 000 0 tha d
020    9789749479416
090    นว.^bม627ง 2549
100 0  มุตตา
245 00 เงาจันทรา/^cมุตตา
250    พิมพ์ครั้งที่ 1
260    กรุงเทพฯ :^bบลูเบลล์,^c2549
300    378 หน้า
710 1  บลูเบลล์
945    ^p245^l0^i019590
995    ทศพร
999 ^a ใช้งานได้ทุกระบบ
รายการนี้ยังไม่มีแท็ก
คุณยังไม่ได้ล็อกอิน คุณสามารถมีกิจกรรมร่วมกับเว็บไซต์ได้ แต่ต้องล็อกอินก่อน ::
  ล็อกอิน

รายการสื่อสารสนเทศ

ลำดับที่ ประเภท เลขเรียก/บาร์โค้ด สถานที่ สถานะ
- ไม่พบข้อมูล -

รายการใกล้เคียง
    ผู้แต่ง [มุตตา]

BibComment


ยังไม่เคยถูกคอมเมนท์

คอมเมนท์ทรัพยากรรายการนี้
  คอมเมนท์: เงาจันทรา มุตตา


 Copyright 2026. Bcnsprnw @Library